Los pápiros : (Record no. 19787)

MARC details
000 -LEADER
campo de control de longitud fija 00804nam a2200217 i 4500
001 - NÚMERO DE CONTROL
campo de control 19787
003 - IDENTIFICADOR DE NÚMERO DE CONTROL
campo de control ES-MaACL
005 - FECHA Y HORA DE LA ÚLTIMA TRANSACCIÓN
campo de control 20230906152151.0
007 - CAMPO FIJO DE DESCRIPCIÓN FÍSICA--INFORMACIÓN GENERAL
campo de control de longitud fija t|
008 - DATOS DE LONGITUD FIJA--INFORMACIÓN GENERAL
campo de control de longitud fija 021015s1921 sp ||||1| spa d
100 1# - ENTRADA PRINCIPAL--NOMBRE DE PERSONA
Nombre de persona Álvarez Quintero, Serafín,
Fechas asociadas al nombre 1871-1938
9 (RLIN) 226443
245 14 - MENCIÓN DEL TÍTULO
Título Los pápiros :
Resto del título zarzuela cómica en tres actos /
Mención de responsabilidad, etc. Serafín y Joaquín Álvarez Quintero ; música de Pablo Luna.
260 ## - PUBLICACIÓN, DISTRIBUCIÓN, ETC.
Lugar de publicación, distribución, etc. Madrid :
Nombre del editor, distribuidor, etc. Renacimiento,
Fecha de publicación, distribución, etc. 1921 (
Fabricante Imp. Clásica Española)
300 ## - DESCRIPCIÓN FÍSICA
Extensión 78 p. ;
Dimensiones 19 cm.
500 ## - NOTA GENERAL
Nota general Sólo la letra.
594 ## - Nota al título y mención de responsabilidad
Nota al título y mención de responsabilidad "Estrenada en el Teatro de la Reina Victoria el 25 de febrero de 1921"
700 1# - ENTRADA AGREGADA--NOMBRE PERSONAL
Nombre de persona Álvarez Quintero, Joaquín,
Fechas asociadas al nombre 1873-1944
9 (RLIN) 20922
700 1# - ENTRADA AGREGADA--NOMBRE PERSONAL
Nombre de persona Luna, Pablo.
9 (RLIN) 74763
852 ## - LOCALIZACIÓN
Ubicación ES-MaACL
Número de control de estantería F-8657(2)
Nota libre - Enc. con otras obras
Holdings
Estatus retirado Estado de pérdida Estado de daño No para préstamo Biblioteca de origen Biblioteca actual Ubicación en estantería Fecha de adquisición Fuente de adquisición Total de préstamos Signatura topográfica completa Código de barras Visto por última vez Precio de reemplazo Tipo de ítem Koha
        Biblioteca del Ateneo de Madrid Biblioteca del Ateneo de Madrid Sala Pecera Planta 2 17/01/2008     F-8657(2) 1020265 23/02/2023 23/02/2023 Libro impreso